| 000 | 00700nam a2200217 a 4500 | ||
|---|---|---|---|
| 003 | DO-SdBNP | ||
| 005 | 20260415194003.0 | ||
| 007 | ta | ||
| 008 | 220518e2018 dr ||||er|||| 000 0dspa d | ||
| 020 | _a9789945804690 | ||
| 040 |
_aDO-SdBNP _bspa _cBNPHU |
||
| 082 | 4 |
_222 _bC796m |
|
| 245 | 1 | 0 |
_aMedio loco / _cManuel Antonio Cordones Jhonson; Prólogo, Pedro Sergio Ramírez Verela, |
| 260 |
_aLa Romana, República Dominicana: _b[s.n.] _c2018 |
||
| 300 |
_a46 p. ; _c20 cm. |
||
| 500 | _aIncluye datos biográficos del autor en la contracubierta. | ||
| 650 | 0 |
_aPadres de familia e hijos _972165 |
|
| 700 |
_aRamírez Verela, Pedro Sergio _epról. _981648 |
||
| 910 | _aMFeliz | ||
| 942 |
_2ddc _cLBS1 |
||
| 999 |
_c51762 _d51762 |
||